000 00306nam a22001337a 4500
008 180126b xxu||||| |||| 00| 0 eng d
020 _a9780205571741
041 _aeng
080 _a371
100 _a46
101 _aEDU
245 _aBlueprint for Exceptional Writing
_cFontenot, J.A
942 _2udc
_cBK
999 _c41038
_d41038